000 00910nam2a22002291 4500
001 v19\rc\1263971
005 20250618002409.0
035 _a(NLR Aleph) 004417635
090 _a4092140
_c4092140
100 _a20060306d1914 |||y0rusy50 ca
101 0 _arus
102 _aRU
105 _ay z |||||
200 0 _a... за 1912 год
210 _d1914
_aБ. м.
215 _a[1], 160 с.
461 0 _1001v19\rc\1263959
_12001#$aОтчет Харьковского городского ремесленного училища...$v... за 1912 год$90
_94091989
_aХарьковское гор. ремесленное уч-ще
_cХарьков
_d1893-1916
_tОтчет Харьковского городского ремесленного училища...
_v... за 1912 год$90
801 0 _aRU
_bNLR
_gpsbo
801 1 _aRU
_bProSoft-M
_2rusmarc
852 _aNLR
_jDesideratum
942 _cBOOK
980 _aNB